000 00462nam a2200157Ia 4500
008 230917s9999||||xx |||||||||||||| ||und||
040 _e241140
_aMAIN
041 _aEnglish
082 _a616.8900954 D15C
100 _aDalal, Ajit K
245 0 _aCultural psychology of health in India: Well-being medicine and traditional health care
260 _aLos Angeles
_bSage
_c2016
300 _axiii, 185 p.
500 _a2772 13/07/2017 Main Budget
942 _cBK
999 _c23138
_d23138